Notes on the land & air forces of the British oversea dominions, colonies, protectorates & mandated territories (exclusive of India and Iraq) / (Record no. 184737)

000 -LEADER
fixed length control field 01020 a2200157 4500
003 - CONTROL NUMBER IDENTIFIER
control field NUST
005 - DATE AND TIME OF LATEST TRANSACTION
control field 20221222182245.0
040 ## - CATALOGING SOURCE
Transcribing agency Nust
082 ## - DEWEY DECIMAL CLASSIFICATION NUMBER
Classification number 355,NOT
245 ## - TITLE STATEMENT
Title Notes on the land & air forces of the British oversea dominions, colonies, protectorates & mandated territories (exclusive of India and Iraq) /
Statement of responsibility, etc. Great Britain. War Office.
260 ## - PUBLICATION, DISTRIBUTION, ETC.
Place of publication, distribution, etc. London
Name of publisher, distributor, etc. H. M. Stationery office
Date of publication, distribution, etc. 1930.
300 ## - PHYSICAL DESCRIPTION
Extent 176 p.:
505 ## - FORMATTED CONTENTS NOTE
Formatted contents note The Dominions (Page-5), British Colonies and Protectorates in Europe, Asia and The India Ocean (Page-60), British North Borneo And Island in the Pacific Ocean (Page-91), The Middle East (Page-99), British Colonies and Protectorates and Mandated Territories in East Africa (Page-111), British Colonies and Protectorates in South Africa (Page-127), British Colonies and Protectorates in West Africa (Page-138), British Colonies in the Americas, The West Indies and the Atlantic Ocean (Page-151).
650 ## - SUBJECT ADDED ENTRY--TOPICAL TERM
Topical term or geographic name entry element Great Britain. Army --Colonial forces
9 (RLIN) 105710
942 ## - ADDED ENTRY ELEMENTS (KOHA)
Source of classification or shelving scheme
Koha item type Book
Call number prefix 355,NOT
Holdings
Withdrawn status Lost status Source of classification or shelving scheme Damaged status Not for loan Permanent Location Current Location Shelving location Date acquired Full call number Barcode Date last seen Price effective from Koha item type Public note
          Military College of Signals (MCS) Military College of Signals (MCS) General Stacks 12/12/2016 355,NOT MCS29336 12/08/2016 12/12/2016 Book Almirah No.51, Shelf No.2
© 2023 Central Library, National University of Sciences and Technology. All Rights Reserved.